Italienische Städte - Sudden Death - Statistiken

Allgemein
  • Dieses Quiz wurde 1.200 mal gespielt
  • Das Durchschnittsergebnis liegt bei 8 aus 12
Answers on the Grid
Answers color-coded by a green-red scale on the quiz's grid according to % correct below.
Bergamo
Bilbao
Bordeaux
Catania
Como
Dijon
Girona
Granada
Korfu
Lecce
Livorno
Lucca
Matera
Palermo
Parma
Patras
Piräus
Rhodos
Segovia
Siena
Toulouse
Trient
Verona
Villach
 
Antwortstatistiken
Antwort % Korrekt
Bergamo
93%
Como
79%
Palermo
78%
Verona
77%
Parma
72%
Lecce
63%
Catania
62%
Livorno
61%
Siena
58%
Lucca
56%
Trient
56%
Matera
35%
Keine übereinstimmenden Quizze gefunden
Verteilung der Resultate
Anzahl Personen mit jedem Resultat
Perzentil nach korrekt beantworteten Fragen
Ihre Resultats-Entwicklung
Sie haben dieses Quiz noch nicht gespielt